[Event "NAYCC U12"]
[Site "Kingston CAN"]
[Date "2019.08.20"]
[Round "9.69"]
[White "Sloan, Jed"]
[Black "Galvez Villalva, Brian Emiliano"]
[Result "1-0"]
[WhiteElo "1942"]
[BlackElo "1455"]
[PlyCount "135"]
[EventDate "2019.08.16"]
[EventType "swiss"]
[EventRounds "9"]
[EventCountry "CAN"]

1. e4 c5 2. Nf3 d6 3. Bb5+ Bd7 4. Bxd7+ Nxd7 5. O-O Ngf6 6. Re1 e5 7. d3 g6 8.
Nc3 Bg7 9. Nd2 a6 10. Nc4 Qc7 11. Bg5 b5 12. Bxf6 Nxf6 13. Ne3 O-O 14. Ncd5 Qd8
15. Nxf6+ Qxf6 16. Nd5 Qd8 17. a4 b4 18. c3 a5 19. cxb4 axb4 20. b3 f5 21. Qc2
Kh8 22. f3 h5 23. Qc4 Ra5 24. Re2 f4 25. Kh1 g5 26. Rf1 g4 27. Qc1 Qg5 28. Qc4
Bh6 29. Nc7 Qe7 30. Nb5 Rf6 31. Qd5 Bf8 32. d4 Re6 33. dxc5 dxc5 34. Rd2 Qf6
35. Qd8 Raa6 36. Rc1 Kg7 37. Nc7 Rad6 38. Rxd6 Bxd6 39. Qxf6+ Kxf6 40. Nxe6
Kxe6 41. Kg1 Kd7 42. Kf1 Kc6 43. Ke2 Be7 44. Kd3 g3 45. h3 h4 46. Kc4 Bd6 47.
Rd1 Bc7 48. Rd5 Bd6 49. Rxd6+ Kxd6 50. Kb5 c4 51. Kxc4 Kc6 52. Kxb4 Kb6 53. a5+
Ka6 54. Ka4 Kb7 55. b4 Ka6 56. b5+ Kb7 57. a6+ Kb6 58. Kb4 Ka7 59. Kc5 Kb8 60.
b6 Kc8 61. b7+ Kb8 62. Kc6 Ka7 63. Kc7 Kxa6 64. b8=Q Ka5 65. Kc6 Ka4 66. Kc5
Ka3 67. Kc4 Ka2 68. Kc3 1-0

[Event "NAYCC U12"]
[Site "Kingston CAN"]
[Date "2019.08.20"]
[Round "9.70"]
[White "Weng, Nicholas"]
[Black "He, Samuel"]
[Result "1/2-1/2"]
[WhiteElo "1789"]
[BlackElo "1568"]
[PlyCount "66"]
[EventDate "2019.08.16"]
[EventType "swiss"]
[EventRounds "9"]
[EventCountry "CAN"]

1. e4 e5 2. Nf3 Nc6 3. Bb5 a6 4. Ba4 Nf6 5. O-O b5 6. Bb3 Bc5 7. c3 O-O 8. d4
Bd6 9. Re1 h6 10. Nbd2 Bb7 11. Nf1 exd4 12. cxd4 Bb4 13. Bd2 Bxd2 14. Qxd2 d5
15. e5 Ne4 16. Qe3 Na5 17. Ng3 Nxg3 18. hxg3 Nxb3 19. Qxb3 Re8 20. Rac1 Rc8 21.
Qa3 c6 22. b4 Ra8 23. Qa5 Qxa5 24. bxa5 Rac8 25. Rc5 Rb8 26. Rb1 Ba8 27. Rb4 f6
28. a3 Re6 29. g4 Rf8 30. Rb2 Kf7 31. Re2 Rfe8 32. Kf1 g6 33. Rc3 g5 1/2-1/2

[Event "NAYCC U12"]
[Site "Kingston CAN"]
[Date "2019.08.20"]
[Round "9.71"]
[White "Srinivas, Atharva"]
[Black "Cheung, Ryan"]
[Result "1/2-1/2"]
[WhiteElo "1695"]
[BlackElo "2090"]
[PlyCount "40"]
[EventDate "2019.08.16"]
[EventType "swiss"]
[EventRounds "9"]
[EventCountry "CAN"]

1. e4 e6 2. d4 d5 3. e5 c5 4. c3 Qb6 5. Nf3 Bd7 6. Bd3 cxd4 7. cxd4 Bb5 8. O-O
Bxd3 9. Qxd3 Ne7 10. Nc3 Nec6 11. a3 Nd7 12. b4 Be7 13. Bb2 O-O 14. Na4 Qd8 15.
Rac1 Rc8 16. Rc2 Nb6 17. Nxb6 axb6 18. Rfc1 Na7 19. Rxc8 Nxc8 20. b5 Qd7
1/2-1/2

[Event "NAYCC U12"]
[Site "Kingston CAN"]
[Date "2019.08.20"]
[Round "9.72"]
[White "Wu, Benjamin"]
[Black "Huang, Richard"]
[Result "0-1"]
[WhiteElo "1731"]
[BlackElo "1542"]
[PlyCount "98"]
[EventDate "2019.08.16"]
[EventType "swiss"]
[EventRounds "9"]
[EventCountry "CAN"]

1. e4 e5 2. Nf3 Nc6 3. Bc4 Bc5 4. c3 Nf6 5. d3 d6 6. Bg5 Be6 7. Nbd2 O-O 8. Qb3
Bxc4 9. Nxc4 Bb6 10. Nxb6 axb6 11. O-O h6 12. Bh4 Re8 13. Rfe1 Qe7 14. Nd2 Qe6
15. Qxe6 fxe6 16. Nf3 g5 17. Bg3 b5 18. a3 Kf7 19. Rad1 Nh5 20. d4 g4 21. Nh4
Nxg3 22. hxg3 exd4 23. cxd4 Ra4 24. d5 exd5 25. exd5 Rxe1+ 26. Rxe1 Ne7 27. Rd1
Rc4 28. Rd3 Rc5 29. Rd4 h5 30. Rf4+ Kg7 31. Nf5+ Nxf5 32. Rxf5 Kg6 33. Rf8 Rxd5
34. Rg8+ Kf7 35. Rb8 b6 36. Kf1 Ke7 37. Ke2 Re5+ 38. Kd3 Rf5 39. Ke3 Rf8 40.
Rxf8 Kxf8 41. Kf4 d5 42. Ke5 c6 43. f4 gxf3 44. gxf3 Kf7 45. b4 Ke7 46. f4 Kf7
47. f5 Ke7 48. f6+ Kf7 49. Kf5 d4 0-1

[Event "NAYCC U12"]
[Site "Kingston CAN"]
[Date "2019.08.20"]
[Round "9.73"]
[White "Kou, Daniel"]
[Black "Adam, Rafael"]
[Result "1-0"]
[WhiteElo "1676"]
[BlackElo "1674"]
[PlyCount "73"]
[EventDate "2019.08.16"]
[EventType "swiss"]
[EventRounds "9"]
[EventCountry "CAN"]

1. e4 e5 2. Nf3 Nc6 3. Bb5 a6 4. Ba4 Nf6 5. d3 b5 6. Bb3 Be7 7. c3 d6 8. Nbd2
O-O 9. Nf1 Na5 10. Bc2 c5 11. Ng3 Nc6 12. O-O Qc7 13. h3 Bd7 14. Nh2 Rfe8 15.
f4 Rad8 16. f5 d5 17. Qf3 dxe4 18. dxe4 c4 19. Bg5 Qb6+ 20. Kh1 Na5 21. Bxf6
Bxf6 22. Nh5 Be7 23. Ng4 Bf8 24. Qg3 Kh8 25. Nxe5 Kg8 26. Ng4 Kh8 27. e5 Bc6
28. Rf2 Nb7 29. Qh4 Nc5 30. Nxg7 Bxg7 31. f6 Ne4 32. fxg7+ Kxg7 33. Qh6+ Kg8
34. Bxe4 Qxf2 35. Nf6+ Qxf6 36. exf6 Bxe4 37. Qg7# 1-0

[Event "NAYCC U12"]
[Site "Kingston CAN"]
[Date "2019.08.20"]
[Round "9.74"]
[White "Tay, Brian"]
[Black "Xie, Austin"]
[Result "0-1"]
[WhiteElo "1923"]
[BlackElo "1872"]
[PlyCount "110"]
[EventDate "2019.08.16"]
[EventType "swiss"]
[EventRounds "9"]
[EventCountry "CAN"]

1. e4 e6 2. d3 d5 3. Nd2 Nf6 4. Ngf3 c5 5. g3 Nc6 6. Bg2 Be7 7. O-O O-O 8. Re1
b6 9. e5 Nd7 10. Nf1 Bb7 11. h4 Qe8 12. Bf4 f5 13. exf6 Bxf6 14. Bh3 e5 15.
Bxd7 Qxd7 16. Nxe5 Nxe5 17. Bxe5 Qf5 18. Bd6 Bd4 19. Bf4 Bxb2 20. Rb1 Bf6 21.
Ne3 Qd7 22. Qg4 Qc6 23. Qf3 Rae8 24. c4 dxc4 25. Qxc6 Bxc6 26. dxc4 Rd8 27.
Rbd1 Rfe8 28. Bc7 Rxd1 29. Rxd1 Bd4 30. Rd3 Re7 31. Bf4 Rd7 32. Kf1 b5 33. Rb3
b4 34. Ke2 a5 35. Nf5 a4 36. Nxd4 axb3 37. Nxb3 Ra7 38. Nc1 Ra3 39. Bd6 Rc3 40.
Bxc5 Rxc1 41. Bxb4 Rxc4 42. a3 Kf7 43. Kd3 Bb5 44. a4 Rxb4+ 45. axb5 Rxb5 46.
Ke4 Ke6 47. f4 h5 48. Kf3 Kf5 49. Kf2 Kg4 50. f5 Rxf5+ 51. Kg2 Rf3 52. Kh2 Rf2+
53. Kh1 Kxg3 54. Kg1 Rf3 55. Kh1 Rf1# 0-1

[Event "NAYCC U12"]
[Site "Kingston CAN"]
[Date "2019.08.20"]
[Round "9.75"]
[White "Zhang, Henry X"]
[Black "He, Matthew"]
[Result "1-0"]
[WhiteElo "1624"]
[BlackElo "1810"]
[PlyCount "137"]
[EventDate "2019.08.16"]
[EventType "swiss"]
[EventRounds "9"]
[EventCountry "CAN"]

1. e4 c6 2. d4 d5 3. Nc3 dxe4 4. Nxe4 Bf5 5. Ng3 Bg6 6. h4 h6 7. Nf3 Nd7 8. h5
Bh7 9. Bd3 Bxd3 10. Qxd3 e6 11. Bd2 Ngf6 12. O-O-O Bd6 13. Ne4 Nxe4 14. Qxe4
Nf6 15. Qd3 Qc7 16. Kb1 O-O 17. Qe2 c5 18. g4 Bf4 19. g5 hxg5 20. dxc5 Bxd2 21.
Qxd2 Ne4 22. Qe3 Qf4 23. Qxf4 gxf4 24. Rh2 Rfd8 25. Rg1 f6 26. Rhg2 Rd7 27. a3
Rc8 28. Rg6 Rxc5 29. h6 Rcc7 30. R1g4 Nxf2 31. Rxf4 Kh7 32. hxg7 Rxg7 33. Rgxf6
Rg6 34. Rxg6 Kxg6 35. Ne5+ Kg5 36. Rxf2 Rc5 37. Nd3 Rd5 38. Re2 Kf5 39. Rf2+
Ke4 40. Rf4+ Ke3 41. Rf7 Rb5 42. Re7 Rb6 43. Nc5 Kd4 44. Nxe6+ Ke5 45. Nd8+ Kd6
46. Rxb7 Ra6 47. Rh7 Ra4 48. Ka2 Rc4 49. Kb3 Rc8 50. Nb7+ Kc6 51. Na5+ Kb5 52.
Rh5+ Ka6 53. c4 Rd8 54. Nc6 Rd3+ 55. Kc2 Rd6 56. b4 Rg6 57. Ra5+ Kb6 58. Nxa7
Rg2+ 59. Kb3 Rg3+ 60. Ka4 Kb7 61. Nb5 Kb8 62. Nd6 Rf3 63. c5 Rc3 64. Rb5+ Ka8
65. Rb6 Rc2 66. c6 Rc3 67. Ne8 Ka7 68. Rb7+ Ka6 69. Nc7# 1-0

[Event "NAYCC U12"]
[Site "Kingston CAN"]
[Date "2019.08.20"]
[Round "9.76"]
[White "Huang, Youhe"]
[Black "Huang, Edison"]
[Result "0-1"]
[WhiteElo "2167"]
[BlackElo "1653"]
[PlyCount "86"]
[EventDate "2019.08.16"]
[EventType "swiss"]
[EventRounds "9"]
[EventCountry "CAN"]

1. e4 e6 2. d4 d5 3. Nc3 Nf6 4. Bg5 dxe4 5. Nxe4 Be7 6. Bxf6 gxf6 7. Nf3 f5 8.
Nc3 a6 9. Qd2 h6 10. Bc4 b5 11. Bb3 Bb7 12. Ne5 c5 13. dxc5 Qxd2+ 14. Kxd2 Bxc5
15. f3 Nc6 16. Nd3 Bb6 17. Rad1 Rd8 18. Ne2 Rg8 19. g3 Na5 20. Rdf1 Nc4+ 21.
Ke1 Ne3 22. Rf2 Ke7 23. Nc3 h5 24. Ke2 Rd6 25. a4 Nd5 26. Rff1 Nxc3+ 27. bxc3
Rc8 28. axb5 axb5 29. Ra1 Rxc3 30. Ra3 f6 31. Kd2 b4 32. Ra4 Rdxd3+ 33. cxd3
Rxb3 34. Kc2 Rc3+ 35. Kd2 Bc5 36. d4 Bxf3 37. Re1 Bc6 38. Ra5 Bxd4 39. Rb1 b3
40. Ra3 Be4 41. Rbxb3 Rc2+ 42. Kd1 Rxh2 43. Rb4 Bc5 0-1

[Event "NAYCC U12"]
[Site "Kingston CAN"]
[Date "2019.08.20"]
[Round "9.77"]
[White "Xu, Jayden"]
[Black "Sharma, Vishruth"]
[Result "1-0"]
[WhiteElo "1649"]
[BlackElo "1794"]
[PlyCount "69"]
[EventDate "2019.08.16"]
[EventType "swiss"]
[EventRounds "9"]
[EventCountry "CAN"]

1. d4 Nf6 2. c4 g6 3. Nc3 Bg7 4. e4 d6 5. Nge2 O-O 6. Ng3 e5 7. d5 a5 8. Be2
Na6 9. h4 h5 10. Bg5 Qe8 11. Qd2 Nc5 12. O-O-O Bd7 13. Rdg1 Rb8 14. f3 b5 15.
cxb5 Nh7 16. Bh6 Qc8 17. Bxg7 Kxg7 18. f4 exf4 19. Qxf4 Nf6 20. Rf1 Ng4 21. Qd2
Qe8 22. Rf4 Qe7 23. Kc2 a4 24. Bxg4 Bxg4 25. Rxg4 hxg4 26. h5 Rh8 27. Qf4 Qf6
28. h6+ Rxh6 29. Qxh6+ Kg8 30. Qh7+ Kf8 31. Qh8+ Ke7 32. Qxb8 Qf2+ 33. Nce2
Nxe4 34. Qxc7+ Kf8 35. Qd8+ 1-0

[Event "NAYCC U12"]
[Site "Kingston CAN"]
[Date "2019.08.20"]
[Round "9.78"]
[White "He, Zekai"]
[Black "Lancman, Kaleb"]
[Result "1/2-1/2"]
[WhiteElo "1318"]
[BlackElo "1501"]
[PlyCount "57"]
[EventDate "2019.08.16"]
[EventType "swiss"]
[EventRounds "9"]
[EventCountry "CAN"]

1. e4 d5 2. exd5 Qxd5 3. Nc3 Qd6 4. Nf3 Bg4 5. Be2 c6 6. O-O Nf6 7. d3 Nbd7 8.
a3 e6 9. Be3 Qc7 10. h3 Bh5 11. Nd4 Bxe2 12. Qxe2 Bd6 13. Nf5 O-O 14. Nxd6 Qxd6
15. b4 Nd5 16. Nxd5 exd5 17. Qf3 Qf6 18. Qg3 Qe5 19. Bf4 Qc3 20. Bh6 Kh8 21.
Qc7 Nf6 22. Bf4 b6 23. Rfc1 d4 24. Bg5 Nd5 25. Qd6 f6 26. Bh4 Rad8 27. Qe6 Rfe8
28. Qg4 Re7 29. Bg3 1/2-1/2

[Event "NAYCC U12"]
[Site "Kingston CAN"]
[Date "2019.08.20"]
[Round "9.79"]
[White "Zhou, Johnson"]
[Black "Chan, Jaden"]
[Result "0-1"]
[WhiteElo "1409"]
[BlackElo "1578"]
[PlyCount "90"]
[EventDate "2019.08.16"]
[EventType "swiss"]
[EventRounds "9"]
[EventCountry "CAN"]

1. e4 e5 2. Nf3 Nc6 3. d4 exd4 4. Bc4 Nf6 5. e5 d5 6. Bb5 Ne4 7. Nxd4 Bd7 8. f3
Qh4+ 9. g3 Nxg3 10. hxg3 Qxh1+ 11. Ke2 Qxd1+ 12. Kxd1 Nxd4 13. Bxd7+ Kxd7 14.
f4 Be7 15. Be3 Nf5 16. Bf2 f6 17. Nc3 c6 18. Ke2 fxe5 19. fxe5 Rhe8 20. Kf3 Rf8
21. Kg2 a6 22. Re1 Rae8 23. e6+ Kc7 24. g4 Nh6 25. Bg3+ Bd6 26. e7 Rf7 27. Re6
Bxg3 28. Kxg3 Rexe7 29. Rxe7+ Rxe7 30. Kf4 b5 31. a3 a5 32. b4 axb4 33. axb4 d4
34. Ne4 Nxg4 35. Kxg4 Rxe4+ 36. Kf5 Re3 37. Kf4 h5 38. Kg5 g6 39. Kxg6 h4 40.
c3 Rxc3 41. Kg5 h3 42. Kg4 h2 43. Kf4 h1=Q 44. Ke5 Qf3 45. Ke6 Re3# 0-1

[Event "NAYCC U12"]
[Site "Kingston CAN"]
[Date "2019.08.20"]
[Round "9.80"]
[White "Bocan, Richard"]
[Black "Harish, Neeraj"]
[Result "1-0"]
[WhiteElo "1601"]
[BlackElo "1852"]
[PlyCount "71"]
[EventDate "2019.08.16"]
[EventType "swiss"]
[EventRounds "9"]
[EventCountry "CAN"]

1. d4 d5 2. c4 e6 3. Nc3 Be7 4. cxd5 exd5 5. Nf3 Nf6 6. Bg5 O-O 7. e3 c6 8. Bd3
Nbd7 9. Qc2 h6 10. Bh4 Re8 11. O-O Nf8 12. Rab1 Ne6 13. Ne5 Nd7 14. Bxe7 Qxe7
15. f4 Nef8 16. Rbe1 f6 17. Nf3 Nb6 18. h3 Be6 19. g4 Rad8 20. Rf2 Qd7 21. f5
Bf7 22. b3 Qc7 23. Rg2 Kh8 24. h4 Nfd7 25. Kf2 Re7 26. Reg1 Rde8 27. Nd1 Nb8
28. g5 Bh5 29. gxh6 gxh6 30. Be2 Re4 31. Ne5 fxe5 32. Bxh5 Rf8 33. Rg6 Rxf5+
34. Bf3 Rxf3+ 35. Kxf3 Rxh4 36. Rg8# 1-0

[Event "NAYCC U12"]
[Site "Kingston CAN"]
[Date "2019.08.20"]
[Round "9.81"]
[White "Fini, Thomas"]
[Black "Liu, Aaron"]
[Result "0-1"]
[WhiteElo "1859"]
[BlackElo "1565"]
[PlyCount "88"]
[EventDate "2019.08.16"]
[EventType "swiss"]
[EventRounds "9"]
[EventCountry "CAN"]

1. e4 e5 2. Nf3 Nc6 3. Bb5 a6 4. Ba4 Nf6 5. d3 b5 6. Bb3 Bc5 7. c3 d6 8. O-O
Bg4 9. Nbd2 O-O 10. h3 Bh5 11. Re1 Re8 12. Nf1 h6 13. Ng3 Bg6 14. Nh2 Rb8 15.
Qf3 Kh7 16. Nf5 Nd7 17. Ng4 Rf8 18. Nfxh6 gxh6 19. Bxh6 Rg8 20. Bxf7 Bxf7 21.
Qxf7+ Kh8 22. Qh5 Qe7 23. Be3+ Qh7 24. Qxh7+ Kxh7 25. Bxc5 dxc5 26. Ne3 Nb6 27.
g4 Rbd8 28. Rad1 Rd7 29. Kf1 Kg6 30. Ke2 Rh8 31. Rh1 Rdh7 32. Kf3 Rxh3+ 33. Kg2
Rxh1 34. Rxh1 Rxh1 35. Kxh1 Kg5 36. Kg2 Na4 37. Nd5 Nxb2 38. Nxc7 Nxd3 39. Nxa6
Kxg4 40. Nc7 b4 41. cxb4 cxb4 42. Nd5 Nf4+ 43. Kf1 Kf3 44. Nf6 Nd3 0-1

[Event "NAYCC U12"]
[Site "Kingston CAN"]
[Date "2019.08.20"]
[Round "9.82"]
[White "Liu, Joshua"]
[Black "Li, Eric"]
[Result "1/2-1/2"]
[WhiteElo "1562"]
[BlackElo "1337"]
[PlyCount "62"]
[EventDate "2019.08.16"]
[EventType "swiss"]
[EventRounds "9"]
[EventCountry "CAN"]

1. d4 d5 2. Nf3 Nf6 3. Bf4 e6 4. e3 c5 5. c3 cxd4 6. exd4 Nc6 7. Qb3 Nh5 8. Bg3
Nxg3 9. hxg3 Bd6 10. Bd3 h6 11. g4 Bf4 12. Nbd2 a6 13. g3 Bxd2+ 14. Kxd2 f6 15.
Bg6+ Kf8 16. Qa3+ Qe7 17. Qxe7+ Kxe7 18. Rae1 Kd6 19. Nh2 e5 20. dxe5+ Nxe5 21.
Bf5 Bxf5 22. gxf5 Rhe8 23. Kc2 Rac8 24. Rd1 Re7 25. Rd4 Nd7 26. Rhd1 Nb6 27.
Nf1 Rc4 28. Ne3 Rxd4 29. Rxd4 Re4 30. Kd3 Rxd4+ 31. Kxd4 Kc6 1/2-1/2

[Event "NAYCC U12"]
[Site "Kingston CAN"]
[Date "2019.08.20"]
[Round "9.83"]
[White "Wang, Derek"]
[Black "Navala, Anthony"]
[Result "1/2-1/2"]
[WhiteElo "1579"]
[BlackElo "1348"]
[PlyCount "46"]
[EventDate "2019.08.16"]
[EventType "swiss"]
[EventRounds "9"]
[EventCountry "CAN"]

1. Nf3 Nf6 2. d4 g6 3. Bf4 d6 4. g3 Bg7 5. Bg2 O-O 6. O-O Nbd7 7. Nbd2 Nh5 8.
Be3 e5 9. c4 exd4 10. Bxd4 Ne5 11. Nxe5 dxe5 12. Bc3 c6 13. Ne4 f5 14. Qxd8
Rxd8 15. Nc5 e4 16. Bxg7 Nxg7 17. Rfd1 Rxd1+ 18. Rxd1 Ne6 19. Nd7 Kf7 20. Ne5+
Kf6 21. Nd7+ Ke7 22. Ne5 Kf6 23. Nd7+ Ke7 1/2-1/2

[Event "NAYCC U12"]
[Site "Kingston CAN"]
[Date "2019.08.20"]
[Round "9.84"]
[White "Li, Neal"]
[Black "Iyer, Vedanth"]
[Result "0-1"]
[WhiteElo "1166"]
[BlackElo "1525"]
[PlyCount "52"]
[EventDate "2019.08.16"]
[EventType "swiss"]
[EventRounds "9"]
[EventCountry "CAN"]

1. e4 e5 2. Nf3 Nc6 3. Bc4 Bc5 4. Nc3 Nf6 5. d3 h6 6. h3 d6 7. Be3 Bxe3 8. fxe3
O-O 9. Qd2 a6 10. Bb3 Na5 11. Bd5 c6 12. Bc4 Nxc4 13. dxc4 Be6 14. O-O-O Qb6
15. Rhe1 Rfd8 16. Na4 Qc7 17. Qd3 b5 18. cxb5 axb5 19. Nc3 b4 20. Ne2 Rxa2 21.
b3 d5 22. Ng3 Qa5 23. exd5 Rxd5 24. Nd4 exd4 25. e4 Rc5 26. c4 Qa3+ 0-1

[Event "NAYCC U12"]
[Site "Kingston CAN"]
[Date "2019.08.20"]
[Round "9.85"]
[White "Chen, Richard"]
[Black "Zhu, Ricky"]
[Result "1/2-1/2"]
[WhiteElo "1831"]
[BlackElo "1472"]
[PlyCount "83"]
[EventDate "2019.08.16"]
[EventType "swiss"]
[EventRounds "9"]
[EventCountry "CAN"]

1. e4 c5 2. Nf3 d6 3. d4 cxd4 4. Nxd4 Nf6 5. Nc3 a6 6. Bc4 e6 7. O-O Be7 8. Be3
Qc7 9. Bb3 O-O 10. Qe2 Nc6 11. Rad1 Na5 12. Rd2 Nxb3 13. Nxb3 b5 14. a3 Bb7 15.
f3 Nd7 16. Bd4 Nb6 17. Bxb6 Qxb6+ 18. Qf2 Qxf2+ 19. Kxf2 Rac8 20. Rfd1 Rc7 21.
Na5 Ba8 22. Nb3 Rfc8 23. Nd4 h6 24. g3 g6 25. h4 Kg7 26. Nde2 Rb8 27. Ra1 a5
28. Nd1 d5 29. e5 g5 30. h5 f5 31. Nd4 Kf7 32. Ne3 Bf8 33. Rg1 Bg7 34. f4 Bc6
35. Nxc6 Rxc6 36. Ra1 Bf8 37. c3 Bc5 38. Ke2 Bxe3 39. Kxe3 gxf4+ 40. gxf4 Rg8
41. Kf3 Rc4 42. Rd4 1/2-1/2

[Event "NAYCC U12"]
[Site "Kingston CAN"]
[Date "2019.08.20"]
[Round "9.86"]
[White "Wang, Andrew"]
[Black "Liu, Kevin"]
[Result "1/2-1/2"]
[WhiteElo "1416"]
[BlackElo "1796"]
[PlyCount "30"]
[EventDate "2019.08.16"]
[EventType "swiss"]
[EventRounds "9"]
[EventCountry "CAN"]

1. e4 c5 2. Nc3 Nc6 3. f4 g6 4. Nf3 Bg7 5. Bc4 e6 6. O-O Nge7 7. a3 O-O 8. d3
d5 9. Bb5 a6 10. Bxc6 Nxc6 11. e5 f5 12. d4 c4 13. Bd2 Bd7 14. Be1 b5 15. b4
Qc7 1/2-1/2

[Event "NAYCC U12"]
[Site "Kingston CAN"]
[Date "2019.08.20"]
[Round "9.88"]
[White "Qiu, James"]
[Black "Hu, Raymond"]
[Result "1-0"]
[WhiteElo "1551"]
[BlackElo "1527"]
[PlyCount "97"]
[EventDate "2019.08.16"]
[EventType "swiss"]
[EventRounds "9"]
[EventCountry "CAN"]

1. e4 c5 2. c3 d6 3. d4 cxd4 4. cxd4 Nf6 5. Nc3 a6 6. g3 g6 7. Bg2 Bg7 8. Nge2
e6 9. O-O Nc6 10. Re1 O-O 11. a3 Qc7 12. h3 Bd7 13. Be3 b5 14. Rc1 Qd8 15. Bf4
e5 16. dxe5 dxe5 17. Bg5 h6 18. Be3 Na5 19. Nd5 Nxd5 20. Qxd5 Nc4 21. Bc5 Re8
22. b3 Na5 23. Rcd1 Qc7 24. Qxd7 Qxc5 25. b4 Qc2 26. bxa5 Red8 27. Qxd8+ Rxd8
28. Rxd8+ Kh7 29. Rd6 Qb2 30. Rxa6 Qxa3 31. Ra7 b4 32. Rxf7 Kg8 33. Ra7 Bf8 34.
Ra8 Kf7 35. Bf1 b3 36. Rb1 b2 37. Rd8 Qxa5 38. Rd3 Qb4 39. Nc3 Bc5 40. Nd5 Qb7
41. Rc3 Qa7 42. Rf3+ Kg7 43. Rxb2 Bd4 44. Rbb3 h5 45. Ra3 Qb8 46. Ra6 Kh6 47.
h4 Qc8 48. Ne7 Qxa6 49. Bxa6 1-0

[Event "NAYCC U12"]
[Site "Kingston CAN"]
[Date "2019.08.20"]
[Round "9.89"]
[White "Cui, Guang Zhu"]
[Black "Yuan, Edison"]
[Result "0-1"]
[WhiteElo "735"]
[BlackElo "1745"]
[PlyCount "52"]
[EventDate "2019.08.16"]
[EventType "swiss"]
[EventRounds "9"]
[EventCountry "CAN"]

1. e4 c5 2. Nf3 e6 3. d4 cxd4 4. Nxd4 Nc6 5. Be3 a6 6. Be2 Qc7 7. O-O Nf6 8.
Nc3 Be7 9. Nxc6 bxc6 10. Kh1 O-O 11. f4 d5 12. e5 Nd7 13. Bd3 c5 14. Bf2 c4 15.
Be2 Bb7 16. b3 cxb3 17. Bd4 Bb4 18. Rf3 bxc2 19. Qxc2 Rac8 20. Bd3 g6 21. Rc1
Bxc3 22. Bxc3 d4 23. Rg3 Qxc3 24. Bxg6 Qxc2 25. Bxc2+ Kh8 26. Rh3 Be4 0-1

[Event "NAYCC U12"]
[Site "Kingston CAN"]
[Date "2019.08.20"]
[Round "9.93"]
[White "Puri, Dylan"]
[Black "Lim, Nicolas"]
[Result "1-0"]
[WhiteElo "1072"]
[BlackElo "1222"]
[PlyCount "121"]
[EventDate "2019.08.16"]
[EventType "swiss"]
[EventRounds "9"]
[EventCountry "CAN"]

1. e4 c5 2. Nf3 d6 3. d4 cxd4 4. Nxd4 Nf6 5. Nc3 a6 6. a4 e5 7. Nb3 Be6 8. Nd5
Nxe4 9. Be3 Nd7 10. Be2 Nec5 11. Nxc5 Nxc5 12. b4 Nd7 13. a5 Bxd5 14. Qxd5 Qc7
15. Bc4 Nf6 16. Qd3 Rc8 17. Bb3 Qc3+ 18. Qxc3 Rxc3 19. Ba4+ Nd7 20. O-O-O Rc4
21. Bc5 Kd8 22. Bxd6 Bxd6 23. Rxd6 Rd4 24. Rd1 Rxb4 25. Bxd7 Ke7 26. Bh3 Rb5
27. Rd7+ Kf6 28. R1d6+ Kg5 29. Rxf7 g6 30. Rdd7 Rxa5 31. Rxb7 Ra1+ 32. Kb2 Rh1
33. Rxh7 Rf8 34. Rb6 Rxf2 35. Rg7 Rf6 36. Rxf6 Kxf6 37. Ra7 Rxh2 38. Rxa6+ Kg5
39. Re6 Kf4 40. Rxg6 e4 41. Rf6+ Ke3 42. Kc3 Rh1 43. Bf5 Rg1 44. g4 Kf4 45.
Bxe4+ Kxe4 46. Rg6 Kf4 47. Rg8 Rg2 48. Kd3 Rg3+ 49. Kd4 Rg2 50. c4 Rd2+ 51. Kc5
Rc2 52. Kd4 Rd2+ 53. Kc3 Rd7 54. c5 Rc7 55. Kc4 Ke5 56. Kb5 Kd5 57. Rg5+ Ke6
58. Kb6 Rc8 59. c6 Kf6 60. Kb7 Rxc6 61. Rf5+ 1-0

[Event "NAYCC U12"]
[Site "Kingston CAN"]
[Date "2019.08.20"]
[Round "9.94"]
[White "Pride, Avian"]
[Black "Odrcich, Evan"]
[Result "0-1"]
[WhiteElo "1116"]
[BlackElo "878"]
[PlyCount "84"]
[EventDate "2019.08.16"]
[EventType "swiss"]
[EventRounds "9"]
[EventCountry "CAN"]

1. d4 Nf6 2. Nc3 d5 3. Nf3 Bf5 4. e3 e6 5. Bd2 Nc6 6. Be2 Bd6 7. O-O O-O 8. h3
Nb4 9. Ne1 c6 10. Bd3 Bg6 11. Bxg6 hxg6 12. a3 Na6 13. Nf3 Qb6 14. Re1 Qxb2 15.
Qb1 Bxa3 16. Qxb2 Bxb2 17. Rab1 Bxc3 18. Bxc3 Rab8 19. Ne5 Rfd8 20. Ba5 Rdc8
21. Rb2 b6 22. Bd2 c5 23. dxc5 Nxc5 24. Nd3 Nxd3 25. cxd3 Nd7 26. Rc1 Rxc1+ 27.
Bxc1 Rc8 28. Rb1 Nc5 29. d4 Nd3 30. Bd2 Rc2 31. Rd1 Nb2 32. Rc1 Rxd2 33. Rc8+
Kh7 34. Rc7 Nd3 35. Rxf7 a5 36. Rb7 Rb2 37. Re7 a4 38. Rxe6 a3 39. Re8 a2 40.
Ra8 Rb1+ 41. Kh2 a1=Q 42. Rxa1 Rxa1 0-1

[Event "NAYCC U12 w"]
[Site "Kingston CAN"]
[Date "2019.08.16"]
[Round "1.98"]
[White "Vidyarthi, Omya"]
[Black "Zhong, April Yunwei"]
[Result "1-0"]
[WhiteElo "1905"]
[BlackElo "1340"]
[PlyCount "79"]
[EventDate "2019.08.16"]
[EventType "swiss"]
[EventRounds "9"]
[EventCountry "CAN"]

1. d4 f5 2. Bf4 Nf6 3. e3 e6 4. Nf3 Be7 5. h3 d6 6. Bd3 Nc6 7. Nbd2 b6 8. Bb5
Bb7 9. Ng5 Qd7 10. c4 h6 11. Ngf3 Bd8 12. Rc1 a6 13. Ba4 O-O 14. d5 exd5 15.
cxd5 Nxd5 16. Qb3 Qe6 17. Bxc6 Bxc6 18. Nd4 Qf7 19. Rxc6 Re8 20. O-O Nxf4 21.
exf4 Qxb3 22. N2xb3 g6 23. Nc2 Re2 24. Nbd4 Re4 25. g3 Rc8 26. f3 Re8 27. g4
fxg4 28. fxg4 Re4 29. f5 Bf6 30. Rd1 gxf5 31. Nxf5 Bg5 32. Nxd6 Ree8 33. Nxc8
Rxc8 34. Rd7 Bf4 35. Nb4 a5 36. Nd5 Bg5 37. Ne7+ Bxe7 38. Rxe7 Kf8 39. Rd7 Ke8
40. Rh7 1-0

[Event "NAYCC U12 w"]
[Site "Kingston CAN"]
[Date "2019.08.16"]
[Round "1.99"]
[White "Wen, Kally"]
[Black "Wang, Lilian"]
[Result "0-1"]
[WhiteElo "1339"]
[BlackElo "1767"]
[PlyCount "122"]
[EventDate "2019.08.16"]
[EventType "swiss"]
[EventRounds "9"]
[EventCountry "CAN"]

1. e4 c5 2. Nf3 d6 3. d4 cxd4 4. Nxd4 Nf6 5. Nc3 a6 6. Be3 e5 7. Nf3 h6 8. h3
Be6 9. Be2 Be7 10. O-O O-O 11. Qd2 Nbd7 12. a3 b5 13. Rad1 Rc8 14. Bd3 Nb6 15.
Rfe1 Qc7 16. Bxb6 Qxb6 17. Bf1 Rfd8 18. Nd5 Nxd5 19. exd5 Bf5 20. c3 Bf6 21.
Bd3 Bxd3 22. Qxd3 Qc5 23. Nd2 Be7 24. Ne4 Qc4 25. Re2 Qxd3 26. Rxd3 f5 27. Ng3
g6 28. Re1 Bf6 29. Kf1 Rc5 30. Ne2 Kf7 31. Nc1 Re8 32. Nb3 Rcc8 33. Na5 Ke7 34.
Nc6+ Kd7 35. Re2 Bg5 36. Ke1 Kc7 37. g3 h5 38. c4 bxc4 39. Rc3 f4 40. Rxc4 Kd7
41. Rc3 Bf6 42. Rb3 fxg3 43. Rxg3 g5 44. Re4 Rf8 45. Rb3 Bd8 46. Rb7+ Rc7 47.
Nb8+ Kc8 48. Rxc7+ Bxc7 49. Nxa6 Bb6 50. Re2 Rf3 51. Rc2+ Kb7 52. Nb4 Rxh3 53.
Rc3 Rxc3 54. bxc3 Ba5 55. Kf1 Kb6 56. Ke2 Kc5 57. Ke3 h4 58. Kf3 Bxb4 59. axb4+
Kxd5 60. Kg4 Kc4 61. f3 d5 0-1

[Event "NAYCC U12 w"]
[Site "Kingston CAN"]
[Date "2019.08.16"]
[Round "1.100"]
[White "Lee, Yesun"]
[Black "Zhang, Joyce"]
[Result "1-0"]
[WhiteElo "1696"]
[BlackElo "1339"]
[PlyCount "145"]
[EventDate "2019.08.16"]
[EventType "swiss"]
[EventRounds "9"]
[EventCountry "CAN"]

1. d4 d5 2. Nf3 Nf6 3. Bf4 e6 4. e3 Nbd7 5. Be2 Be7 6. O-O O-O 7. c4 c6 8. Nc3
a6 9. Rc1 dxc4 10. Bxc4 b5 11. Be2 Bb7 12. Qc2 Qb6 13. a3 c5 14. dxc5 Nxc5 15.
Nd2 Rfd8 16. Rfd1 Rac8 17. Bg5 h6 18. Bh4 g5 19. Bg3 Nd5 20. Nxd5 Rxd5 21. b4
Nd3 22. Qxc8+ Bxc8 23. Rxc8+ Kg7 24. Bf3 Nb2 25. Bxd5 Nxd1 26. Rb8 Qxb8 27.
Bxb8 exd5 28. Be5+ Bf6 29. Bxf6+ Kxf6 30. Nb3 Nb2 31. Nc5 Nc4 32. a4 Ke5 33. a5
Kd6 34. Nxa6 Kc6 35. Kf1 f5 36. Ke2 h5 37. h3 Kd6 38. Kd3 Ne5+ 39. Kc3 Nc6 40.
g3 Na7 41. Nc5 Ke5 42. f3 Nc6 43. f4+ Kf6 44. Nb3 g4 45. h4 Kg6 46. Nd4 Na7 47.
Ne6 Kf7 48. Nc7 Ke7 49. Nxd5+ Ke6 50. Nc7+ Kd7 51. Na6 Kc6 52. Nc5 Kd6 53. e4
fxe4 54. Nxe4+ Ke6 55. Kd4 Kf5 56. Nd6+ Ke6 57. Kc5 Kd7 58. Nxb5 Nc6 59. a6
Nxb4 60. Kxb4 Kc6 61. f5 Kd5 62. a7 Ke5 63. a8=Q Kxf5 64. Nd4+ Ke5 65. Ne2 Kf5
66. Qd5+ Kg6 67. Nf4+ Kf6 68. Qg5+ Kf7 69. Kc5 Ke8 70. Kd6 Kf8 71. Ne6+ Kf7 72.
Qg7+ Ke8 73. Qe7# 1-0